| 000 | 00000nas 2200000za 4500 |
| 001 | 9.830457 |
| 003 | CaOODSP |
| 005 | 20221107145532 |
| 007 | cr ||||||||||| |
| 008 | 170113d19251934oncar p oss f0###a0eng|d |
| 040 | |aCaOODSP|beng |
| 043 | |an-cn--- |
| 086 | 1 |aCS42-210E-PDF |
| 245 | 04|aThe automobile parts and accessories industry in Canada |h[electronic resource]. |
| 246 | 16|aAutomobile parts and accessories industry|f1933-1934 |
| 246 | 13|iAt head of caption title:|aIron and steel and their products|f1930-1934 |
| 260 | |a[Ottawa] : |bDominion Bureau of Statistics, Mining, Metallurgical and Chemical Branch, |c[1926?]-1935. |
| 310 | |aAnnual |
| 362 | 0 |a1925-1934. |
| 500 | |aDigitized edition from print [produced by Statistics Canada]. |
| 515 | |aIssues for 1929, 1931 not published. |
| 520 | |aStatistics for the automobile supplies industry in Canada, including number and location of plants, capital investment, employees, salaries and wages, fuel consumption and other expenses. |
| 692 | 07|2gccst|aAutomobile industry |
| 692 | 07|2gccst|aStatistics |
| 710 | 1 |aCanada. |bDominion Bureau of Statistics. |bMining, Metallurgical and Chemical Branch. |
| 785 | 00|tThe automobile parts industry in Canada |w(CaOODSP)9.830617 |